Previous Country Flags - Statistics

General Stats
  • This quiz has been taken 17 times
  • The average score is 32 of 50
Answer Stats
Picture Answer % Correct
13 Colonies
100%
Holy Roman Empire
100%
Japanese Empire
100%
Argentina
92%
Belgium
92%
Helvetic Republic
92%
Romania
92%
Serbian Emprie
92%
Spanish Empire
92%
Tang Dynasty
92%
Libya
83%
Portuguese Empire
83%
Siam
83%
Delhi Sultanate
75%
French Kingdom
75%
Norway-Sweden Union
75%
Qajar Dynasty
75%
Russian Empire
75%
South Africa
75%
Duchy of Luxembourg
67%
Hungary
67%
Kuwait
67%
Mexican Empire
67%
Montenegro
67%
Polish-Lithuanian Commonwealth
67%
Cossack Hetmanate
58%
French Gabon
58%
Kingdom of Brazil
58%
Macedonian Empire
58%
Malaya
58%
Papua New Guinea
58%
Rhodesia
58%
Swaziland
58%
Uganda
58%
Bengal Sultanate
50%
Costa Rica
50%
Iceland
50%
Mali Empire
50%
Tanganyika
50%
Benin
42%
Fiji
42%
Khmer Empire
42%
Majapahit Empire
42%
Margraviate of Moravia
42%
Togoland
42%
Tu'i Tonga Empire
42%
Cyprus
25%
Estonia
25%
Nicaragua
25%
Paraguay
25%
No matching quizzes found
Score Distribution
Percent of People with Each Score
Percentile by Number Answered
Your Score History
You have not taken this quiz